[Event "DVM U14 2017"]
[Site "Verden/Aller GER"]
[Date "2017.12.30"]
[Round "7"]
[White "Sehmsdorf, Johann"]
[Black "Haller, Luis"]
[Result "0-1"]
[Termination "normal"]
[Board "9.1"]
[WhiteElo "1610"]
[BlackElo "1711"]
[WhiteTeam "SV Dresden-Striesen"]
[BlackTeam "SF Konz-Karthaus"]
[PlyCount "56"]
[WhiteFideId "12985139"]
[BlackFideId "16209826"]
[EventCountry "GER"]
[EventRounds "7"]
[EventType "team-swiss"]
[EventDate "2017.12.26"]

1. e4 e6 2. d4 d5 3. exd5 exd5 4. Bd3 Bd6 5. Ne2 Ne7 6. h3 Bf5 7. Bf4 c6 8. c3
Bxf4 9. Nxf4 Qd6 10. Bxf5 Nxf5 11. Qg4 g6 12. O-O O-O 13. Nd2 Nd7 14. g3 Nf6
15. Qf3 Rfe8 16. Rae1 Re7 17. Rxe7 Qxe7 18. g4 Nh4 19. Qg3 Ne4 20. Nxe4 dxe4
21. Re1 Re8 22. Re2 Nf3+ 23. Kf1 Qg5 24. Nd3 Qb5 25. Nf4 g5 26. Nh5 Qd3 27. Qd6
Qd1+ 28. Kg2 Qg1# 0-1

[Event "DVM U14 2017"]
[Site "Verden/Aller GER"]
[Date "2017.12.30"]
[Round "7"]
[White "Gatkewicz, Maurizio"]
[Black "Schade, Johannes"]
[Result "1-0"]
[Termination "normal"]
[Board "9.2"]
[WhiteElo "1642"]
[BlackElo "1379"]
[WhiteTeam "SF Konz-Karthaus"]
[BlackTeam "SV Dresden-Striesen"]
[PlyCount "53"]
[WhiteFideId "16255658"]
[BlackFideId "12958581"]
[EventCountry "GER"]
[EventRounds "7"]
[EventType "team-swiss"]
[EventDate "2017.12.26"]

1. e4 c5 2. Nc3 d6 3. f4 a6 4. Nf3 Nc6 5. a3 g6 6. Bc4 Bg7 7. d3 Nf6 8. O-O O-O
9. Qe1 b5 10. Ba2 Nd7 11. f5 Nde5 12. fxg6 Nxf3+ 13. Rxf3 hxg6 14. Bd5 Qd7 15.
Qh4 e6 16. Rh3 f5 17. Qh7+ Kf7 18. exf5 exd5 19. fxg6+ Ke8 20. Bg5 Rh8 21.
Qxh8+ Bf8 22. Rf3 Qg7 23. Qxg7 Bxg7 24. Re1+ Be5 25. g7 Be6 26. Rf8+ Kd7 27.
Rxa8 {Aufgabe Schwarz} 1-0

[Event "DVM U14 2017"]
[Site "Verden/Aller GER"]
[Date "2017.12.30"]
[Round "7"]
[White "Hiller, Klemens"]
[Black "Biermann, Sophie"]
[Result "0-1"]
[Termination "normal"]
[Board "9.3"]
[WhiteElo "1174"]
[BlackElo "1594"]
[WhiteTeam "SV Dresden-Striesen"]
[BlackTeam "SF Konz-Karthaus"]
[PlyCount "50"]
[WhiteFideId "16255739"]
[BlackFideId "16208960"]
[EventCountry "GER"]
[EventRounds "7"]
[EventType "team-swiss"]
[EventDate "2017.12.26"]

1. d4 d5 2. c4 c6 3. Nc3 Nf6 4. e3 e6 5. c5 Nbd7 6. g3 b6 7. cxb6 axb6 8. a4
Bb4 9. Bd2 Bb7 10. Nf3 O-O 11. Bg2 Ba6 12. Ne2 Qe7 13. O-O Ne4 14. Re1 f5 15.
Bxb4 Qxb4 16. Qc2 c5 17. dxc5 bxc5 18. Nc3 Ndf6 19. Nxe4 Nxe4 20. Red1 Rab8 21.
Rab1 Bc4 22. Nd2 Be2 23. Re1 Nxd2 24. Rxe2 Nxb1 25. Qxb1 Qxa4 {Aufgabe Weiß}
0-1

[Event "DVM U14 2017"]
[Site "Verden/Aller GER"]
[Date "2017.12.30"]
[Round "7"]
[White "Schilz, Tabea"]
[Black "Olligs, Antonius"]
[Result "1/2-1/2"]
[Termination "normal"]
[Board "9.4"]
[WhiteElo "1272"]
[BlackElo "1556"]
[WhiteTeam "SF Konz-Karthaus"]
[BlackTeam "SV Dresden-Striesen"]
[PlyCount "41"]
[WhiteFideId "16235312"]
[BlackFideId "16236955"]
[EventCountry "GER"]
[EventRounds "7"]
[EventType "team-swiss"]
[EventDate "2017.12.26"]

1. e4 Nf6 2. Nc3 e5 3. Nf3 Nc6 4. Bb5 Bc5 5. O-O d6 6. h3 O-O 7. d3 h6 8. Be3
Bb6 9. Bxc6 bxc6 10. d4 exd4 11. Nxd4 Bd7 12. Qf3 Qe7 13. Rfe1 Rab8 14. Nf5
Bxf5 15. Bxb6 cxb6 16. Qxf5 Qe5 17. Qxe5 dxe5 18. Rad1 Rbd8 19. f3 Rd7 20. Rxd7
Nxd7 21. Rd1 1/2-1/2